Εφηβεία : συμπεριφορές και ψυχοκοινωνική υγεία

Αποθηκεύτηκε σε:
Λεπτομέρειες βιβλιογραφικής εγγραφής
Κύριος συγγραφέας: Κοκκέβη, Άννα
Συλλογικό Έργο: Ερευνητικό Πανεπιστημιακό Ινστιτούτο Ψυχικής Υγείας (ΕΠΙΨΥ), Ψυχιατρική Κλινική Πανεπιστημίου Αθηνών
Άλλοι συγγραφείς: Φωτίου, Αναστάσιος, Κίτσος, Γιώργος
Μορφή: Βιβλίο
Γλώσσα:Greek
Δημοσίευση: Αθήνα : Βήτα, c2008.
Θέματα:
Ετικέτες: Προσθήκη ετικέτας
Δεν υπάρχουν, Καταχωρήστε ετικέτα πρώτοι!

MARC

LEADER 00000nam a2200000 a 4500
001 1/119024
008 190604s2008####gr | ||| |||| ||gre||
020 |a 9789604520503 
040 |a GR-MyUa  |b gre  |c GR-MyUa  |e AACR2 
041 0 |a gre 
082 7 |a 155.5   |2 (23) 
100 1 |a Κοκκέβη, Άννα. 
245 1 0 |a Εφηβεία :   |b συμπεριφορές και ψυχοκοινωνική υγεία /   |c Α. Κοκκέβη ; συνεργάτες: Α. Φωτίου και Γ. Κίτσος.  
260 |a Αθήνα :   |b Βήτα,   |c c2008.  
300 |a xiv, 106 σ. :   |b γραφ., πίν. ;   |c 26 εκ.  
504 |a Περιλαμβάνει βιβλιογραφίες.  
650 0 |a Adolescence. 
650 0 |a Health behavior in adolescence. 
650 0 |a Emotions in adolescence. 
650 0 |a Stress in adolescence. 
650 0 |a Eating disorders in adolescence. 
650 0 |a Teenagers  |z Greece  |x Attitudes. 
650 0 |a Teenagers  |x Psychology. 
700 1 |a Φωτίου, Αναστάσιος. 
700 1 |a Κίτσος, Γιώργος. 
710 2 |a Ερευνητικό Πανεπιστημιακό Ινστιτούτο Ψυχικής Υγείας (ΕΠΙΨΥ) 
710 2 |a Ψυχιατρική Κλινική Πανεπιστημίου Αθηνών. 
852 |a INST  |b RHODES  |c EUDOXUS  |e 20190604  |h 155.5 ΚΟΚ  |p 005400040874  |q 005400040874  |t EDX  |y 0 
920 |a Εύδοξος  |b Παραγγελία  |y Ρόδος-ΤΕΠΑΕΣ  |z 2019-05 
970 |a Μαρία  |b Κωτάκου  |z 04-06-2019